Digitálna agenda pre Európu a verejná správa

Digitálna agenda pre Európu je jednou zo siedmich hlavných iniciatív stratégie Európa 2020 zameraná na vymedzenie kľúčovej úlohy, využívanie informačných a komunikačných technológií (IKT) s cieľom zlepšiť Európanom kvalitu života, v podobe lepšej zdravotnej starostlivosti, bezpečnejších a efektívnej...

Descrizione completa

Salvato in:
Dettagli Bibliografici
Autore principale: Vidová, Jarmila, 1967-
Natura: Capitolo di libro
Lingua:slovacco
Soggetti:
Tags: Aggiungi Tag
Nessun Tag, puoi essere il primo ad aggiungerne!!

MARC

LEADER 00000nla a2200000 4500
001 0183349
005 20240502073133.1
041 0 |a slo 
044 |a SK 
245 1 0 |a Digitálna agenda pre Európu a verejná správa  |c Jarmila Vidová 
520 |a Digitálna agenda pre Európu je jednou zo siedmich hlavných iniciatív stratégie Európa 2020 zameraná na vymedzenie kľúčovej úlohy, využívanie informačných a komunikačných technológií (IKT) s cieľom zlepšiť Európanom kvalitu života, v podobe lepšej zdravotnej starostlivosti, bezpečnejších a efektívnejších riešení dopravy, čistejšieho životného prostredia, a predovšetkým jednoduchšieho prístupu k verejným službám. Finančná náročnosť informatizácie verejnej správy. 
610 2 0 |a správa verejná 
610 2 0 |a manažment 
610 2 0 |a digitalizácia 
610 2 0 |a informatizácia 
610 2 0 |a financovanie 
100 1 |a Vidová, Jarmila, 1967-